| 000 | 00600nam a22002297a 4500 | ||
|---|---|---|---|
| 003 | OSt | ||
| 005 | 20140310183126.0 | ||
| 008 | 130529t xxu||||| |||| 00| 0 eng d | ||
| 020 | _a9710860283 | ||
| 050 |
_aHD 8072.5 _b.M672 2000 |
||
| 082 |
_aFIL 331.599 _bM67 2000 |
||
| 245 |
_aLabor-management relations _cMiranda, Gregorio S. |
||
| 250 | _a4th ed. | ||
| 260 |
_aMandaluyong City _bNational Bookstore _cc2000 |
||
| 300 |
_axiii, 529 p. _c22 cm. |
||
| 521 | _aCollege students | ||
| 526 | _c1210L-1700L | ||
| 541 | _j1 | ||
| 541 | _j2 | ||
| 562 | _e2 | ||
| 942 |
_2lcc _cBK _kFIL |
||
| 999 |
_c19042 _d19042 |
||